Hướng dẫn vẽ thiết kế kiến trúc và xây dựng bằng máy tính

में बचाया:
ग्रंथसूची विवरण
मुख्य लेखक: Quang Huy
स्वरूप: पुस्तक
भाषा:Undetermined
प्रकाशित: Tp. HCM Thống Kê 2003
विषय:
टैग : टैग जोड़ें
कोई टैग नहीं, इस रिकॉर्ड को टैग करने वाले पहले व्यक्ति बनें!
Thư viện lưu trữ: Trung tâm Học liệu Trường Đại học Cần Thơ
LEADER 00596nam a2200193Ia 4500
001 CTU_53580
008 210402s9999 xx 000 0 und d
020 |c 91000 
082 |a 720.285 
082 |b Qu106 
100 |a Quang Huy 
245 0 |a Hướng dẫn vẽ thiết kế kiến trúc và xây dựng bằng máy tính 
245 0 |c Quang Huy 
260 |a Tp. HCM 
260 |b Thống Kê 
260 |c 2003 
650 |a Construction industry,Architecture 
650 |x Data processing,Design and plans 
980 |a Trung tâm Học liệu Trường Đại học Cần Thơ